The Spanish Inquisition / (Record no. 94128)
[ view plain ]
| 000 -LEADER | |
|---|---|
| campo de control de longitud fija | 02238cam a22003251 4500 |
| 001 - NÚMERO DE CONTROL | |
| campo de control | 32797 |
| 003 - IDENTIFICADOR DE NÚMERO DE CONTROL | |
| campo de control | BJBSDDR |
| 005 - FECHA Y HORA DE LA ÚLTIMA TRANSACCIÓN | |
| campo de control | 20241021094608.0 |
| 007 - CAMPO FIJO DE DESCRIPCIÓN FÍSICA--INFORMACIÓN GENERAL | |
| campo de control de longitud fija | ta |
| 008 - DATOS DE LONGITUD FIJA--INFORMACIÓN GENERAL | |
| campo de control de longitud fija | 750718s1965 enkab b 000 0 eng |
| 010 ## - NÚMERO DE CONTROL DE LA BIBLIOTECA DEL CONGRESO | |
| Número de control de LC | 66041184 |
| 015 ## - NÚMERO DE BIBLIOGRAFÍA NACIONAL | |
| Número de bibliografía nacional | GB65-18974 |
| 035 ## - NÚMERO DE CONTROL DEL SISTEMA | |
| Número de control de sistema | 7067181 |
| 035 ## - NÚMERO DE CONTROL DEL SISTEMA | |
| Número de control de sistema | (OCoLC)1460157 |
| 040 ## - FUENTE DE CATALOGACIÓN | |
| Centro catalogador/agencia de origen | DLC |
| Centro/agencia transcriptor | VtMiM |
| Centro/agencia modificador | OCoLC |
| -- | Uk |
| -- | DLC |
| Lengua de catalogación | eng |
| 041 ## - CÓDIGO DE IDIOMA | |
| Código de lengua del texto/banda sonora o título independiente | eng |
| 050 14 - SIGNATURA TOPOGRÁFICA DE LA BIBLIOTECA DEL CONGRESO | |
| Número de clasificación | BX 1735 |
| Número de ítem | K15s 1965 |
| 100 1# - ENTRADA PRINCIPAL--NOMBRE DE PERSONA | |
| Nombre de persona | Kamen, Henry A., |
| Fechas asociadas al nombre | 1936- |
| 9 (RLIN) | 39005 |
| 245 14 - MENCIÓN DEL TÍTULO | |
| Título | The Spanish Inquisition / |
| Mención de responsabilidad, etc. | Henry Kamen. |
| 260 ## - PUBLICACIÓN, DISTRIBUCIÓN, ETC. | |
| Lugar de publicación, distribución, etc. | London : |
| Nombre del editor, distribuidor, etc. | Weidenfeld and Nicolson, |
| Fecha de publicación, distribución, etc. | [1965] |
| 300 ## - DESCRIPCIÓN FÍSICA | |
| Extensión | x, 339 pages : |
| Otras características físicas | illustrations, map ; |
| Dimensiones | 23 cm. |
| 440 #0 - MENCIÓN DE SERIE/PUNTO DE ACCESO ADICIONAL--TÍTULO | |
| Título | Mack H. Singleton memorial collection |
| 9 (RLIN) | 39009 |
| 504 ## - NOTA DE BIBLIOGRAFÍA, ETC. | |
| Nota de bibliografía, etc. | Bibliographical references included in "Notes" (p. 307-327) |
| 505 0# - NOTA DE CONTENIDO CON FORMATO | |
| Nota de contenido con formato | Introductory<br/>The great dispersion<br/>The coming of the Inquisition<br/>A minority opposition<br/>'Silence has been imposed'<br/>The end of Morisco Spain<br/>Race purity and racialism<br/>The Spanish Inquisition: its organization<br/>The Spanish Inquisition: its procedure<br/>The Spanish Inquisition: trial and condemnation<br/>Special spheres of jurisdiction<br/>The last days of the conversos<br/>Political conflict<br/>In defence of the ancien regime<br/>The abolition of the Inquisition<br/>A final reassessment |
| 520 ## - RESUMEN, ETC. | |
| Sumario, etc. | Deals extensively with the persecution of Conversos after the expulsion. States that the expulsion created new problems, provoked social discord, and was criticized by Spaniards both then and thereafter. Discusses the activities of the Inquisition, anti-Converso polemics, and opposition to them. The early decades of the Inquisition effectively destroyed underground Judaism. From the mid-16th century, feeling against Jews showed itself more in prejudice than in persecution. Racial prejudice was commonplace in Spanish society long before the Inquisition became powerful; the Inquisition, therefore, was a product of the society it served, and was not to blame for Spain's political and cultural decline. (From the Bibliography of the Vidal Sassoon International Center for the Study of Antisemitism) |
| 650 #0 - PUNTO DE ACCESO ADICIONAL DE MATERIA--TÉRMINO DE MATERIA | |
| Término de materia o nombre geográfico como elemento de entrada | Inquisition |
| Subdivisión geográfica | Spain. |
| 650 #4 - PUNTO DE ACCESO ADICIONAL DE MATERIA--TÉRMINO DE MATERIA | |
| Término de materia o nombre geográfico como elemento de entrada | Inquisición |
| Subdivisión geográfica | España |
| 9 (RLIN) | 17249 |
| 650 #4 - PUNTO DE ACCESO ADICIONAL DE MATERIA--TÉRMINO DE MATERIA | |
| Término de materia o nombre geográfico como elemento de entrada | Historia de la iglesia |
| Subdivisión geográfica | España |
| 9 (RLIN) | 543 |
| 942 ## - ELEMENTOS DE ENTRADA SECUNDARIOS (KOHA) | |
| Fuente del sistema de clasificación o colocación | Clasificación de Library of Congress |
| Tipo de ítem Koha | Libro |
| Estatus retirado | Estado de pérdida | Fuente del sistema de clasificación o colocación | Estado de daño | No para préstamo | Colección | Biblioteca de origen | Biblioteca actual | Ubicación en estantería | Fecha de adquisición | Signatura topográfica completa | Código de barras | Visto por última vez | Copia número | Tipo de ítem Koha |
|---|---|---|---|---|---|---|---|---|---|---|---|---|---|---|
| Clasificación de Library of Congress | Humanidades | Biblioteca Juan Bosch | Biblioteca Juan Bosch | Humanidades (4to. Piso) | 10/04/2023 | BX 1735 K15s 1965 | 00000033182 | 17/11/2018 | 1 | Libro |
